[Event "MP do 18 lat - chlopcy"]
[Site "Sypniewo"]
[Date "2022.03.22"]
[Round "4.1"]
[White "Czopor, Maciej"]
[Black "Baum, Jonasz"]
[Result "1/2-1/2"]
[BlackElo "2317"]
[WhiteElo "2423"]
[LiveChessVersion "1.4.8"]

1. e4 {[%clk 1:30:57]} c5 {[%clk 1:30:50]} 2. Nf3 {[%clk 1:31:23]} d6
{[%clk 1:31:15]} 3. d4 {[%clk 1:31:49]} cxd4 {[%clk 1:31:41]} 4. Nxd4
{[%clk 1:32:14]} Nf6 {[%clk 1:32:06]} 5. Nc3 {[%clk 1:32:39]} a6 {[%clk 1:32:32]}
6. Nb3 {[%clk 1:31:29]} e6 {[%clk 1:28:09]} 7. Be3 {[%clk 1:30:52]} Be7
{[%clk 1:22:10]} 8. g4 {[%clk 1:13:47]} Nc6 {[%clk 1:10:39]} 9. Qe2
{[%clk 1:02:06]} b5 {[%clk 1:04:27]} 10. O-O-O {[%clk 0:57:51]} Qc7
{[%clk 1:04:27]} 11. g5 {[%clk 0:56:50]} Nd7 {[%clk 1:04:42]} 12. f4
{[%clk 0:55:56]} Bb7 {[%clk 1:04:14]} 13. Bh3 {[%clk 0:48:52]} Nb6
{[%clk 1:00:41]} 14. Kb1 {[%clk 0:44:11]} b4 {[%clk 0:48:12]} 15. Nd5
{[%clk 0:43:28]} exd5 {[%clk 0:48:10]} 16. Bxb6 {[%clk 0:36:26]} Qxb6
{[%clk 0:48:37]} 17. exd5 {[%clk 0:36:50]} Na7 {[%clk 0:35:12]} 18. Rhe1
{[%clk 0:35:42]} Qc7 {[%clk 0:34:14]} 19. Rd4 {[%clk 0:25:54]} Nc8
{[%clk 0:26:08]} 20. Bxc8 {[%clk 0:22:14]} Rxc8 {[%clk 0:17:11]} 21. Re4
{[%clk 0:21:32]} O-O {[%clk 0:17:36]} 22. Rxe7 {[%clk 0:21:50]} Qb6
{[%clk 0:17:58]} 23. Qd3 {[%clk 0:13:32]} a5 {[%clk 0:17:18]} 24. f5
{[%clk 0:12:32]} a4 {[%clk 0:11:30]} 25. Nd4 {[%clk 0:12:44]} Bxd5
{[%clk 0:09:20]} 26. f6 {[%clk 0:12:46]} g6 {[%clk 0:09:00]} 27. Nf5
{[%clk 0:02:43]} Bxa2+ {[%clk 0:08:13]} 28. Kxa2 {[%clk 0:02:00]} b3+
{[%clk 0:07:30]} 29. Ka1 {[%clk 0:02:03]} gxf5 {[%clk 0:07:49]} 30. Qxf5
{[%clk 0:01:50]} Rc5 {[%clk 0:05:48]} 31. Qf4 {[%clk 0:01:05]} bxc2
{[%clk 0:04:29]} 32. g6 {[%clk 0:01:23]} a3 {[%clk 0:03:55]} 33. gxf7+
{[%clk 0:01:31]} Kh8 {[%clk 0:04:23]} 34. b4 {[%clk 0:01:18]} c1=Q+
{[%clk 0:01:28]} 35. Rxc1 {[%clk 0:01:46]} Rxc1+ {[%clk 0:01:53]} 36. Qxc1
{[%clk 0:02:09]} Qd4+ {[%clk 0:02:21]} 37. Ka2 {[%clk 0:02:07]} Qd5+
{[%clk 0:01:12]} 38. Ka1 {[%clk 0:02:19]} Qd4+ {[%clk 0:01:38]} 39. Ka2
{[%clk 0:02:46]} Qd5+ {[%clk 0:01:34]} 40. Ka1 {[%clk 0:33:12]} Qd4+
{[%clk 0:32:01]} 1/2-1/2

[Event "MP do 18 lat - chlopcy"]
[Site "Sypniewo"]
[Date "2022.03.22"]
[Round "4.2"]
[White "Fiedorek, Michal"]
[Black "Niedbala, Bartlomiej"]
[Result "1/2-1/2"]
[BlackElo "2385"]
[WhiteElo "2317"]
[LiveChessVersion "1.4.8"]

1. e4 {[%clk 1:30:57]} c5 {[%clk 1:27:52]} 2. Nf3 {[%clk 1:31:12]} d6
{[%clk 1:28:04]} 3. d4 {[%clk 1:31:36]} cxd4 {[%clk 1:28:32]} 4. Nxd4
{[%clk 1:31:57]} Nf6 {[%clk 1:28:58]} 5. Nc3 {[%clk 1:32:11]} a6 {[%clk 1:29:20]}
6. f3 {[%clk 1:32:12]} e5 {[%clk 1:29:44]} 7. Nb3 {[%clk 1:32:23]} Be6
{[%clk 1:30:05]} 8. Be3 {[%clk 1:32:27]} h5 {[%clk 1:30:30]} 9. Nd5
{[%clk 1:30:37]} Bxd5 {[%clk 1:29:45]} 10. exd5 {[%clk 1:31:00]} Nbd7
{[%clk 1:30:13]} 11. Qd2 {[%clk 1:29:36]} g6 {[%clk 1:30:34]} 12. Be2
{[%clk 1:29:23]} Bg7 {[%clk 1:29:43]} 13. O-O {[%clk 1:29:06]} b6
{[%clk 1:29:31]} 14. c4 {[%clk 1:27:35]} O-O {[%clk 1:29:23]} 15. Rae1
{[%clk 1:26:43]} Re8 {[%clk 1:25:39]} 16. Na1 {[%clk 1:08:28]} a5
{[%clk 0:47:41]} 17. Nc2 {[%clk 1:03:10]} Nc5 {[%clk 0:43:50]} 18. Na3
{[%clk 1:02:04]} Qd7 {[%clk 0:36:17]} 19. Nb5 e4 20. Bd4 {[%clk 0:37:25]} Rad8
{[%clk 0:29:56]} 21. b3 {[%clk 0:30:27]} exf3 {[%clk 0:18:04]} 22. Bxf3
{[%clk 0:24:57]} Nfe4 23. Bxe4 {[%clk 0:23:41]} Nxe4 {[%clk 0:17:55]} 24. Qb2
Bxd4+ {[%clk 0:16:19]} 25. Qxd4 {[%clk 0:23:37]} Nc5 {[%clk 0:15:45]} 26. Qf6
{[%clk 0:17:56]} Rxe1 {[%clk 0:07:53]} 27. Rxe1 {[%clk 0:18:17]} Re8
{[%clk 0:08:19]} 28. Rxe8+ {[%clk 0:05:54]} Qxe8 {[%clk 0:08:47]} 29. Nxd6
{[%clk 0:05:54]} Qe1+ {[%clk 0:08:56]} 30. Qf1 {[%clk 0:06:15]} Qe7
{[%clk 0:07:10]} 31. Nb5 {[%clk 0:05:32]} Qe3+ {[%clk 0:05:59]} 32. Qf2
{[%clk 0:05:53]} 1/2-1/2

[Event "MP do 18 lat - chlopcy"]
[Site "Sypniewo"]
[Date "2022.03.22"]
[Round "4.3"]
[White "Poltorak, Sebastian"]
[Black "Budzisz, Adrian"]
[Result "1/2-1/2"]
[BlackElo "2064"]
[WhiteElo "2303"]
[LiveChessVersion "1.4.8"]

1. d4 {[%clk 1:30:40]} Nf6 {[%clk 1:30:55]} 2. c4 {[%clk 1:31:03]} e6
{[%clk 1:31:21]} 3. Nc3 {[%clk 1:31:28]} Bb4 {[%clk 1:31:47]} 4. Nf3
{[%clk 1:31:54]} O-O {[%clk 1:32:01]} 5. Bg5 {[%clk 1:32:03]} c5 {[%clk 1:28:46]}
6. Rc1 {[%clk 1:24:57]} h6 {[%clk 1:24:13]} 7. Bh4 {[%clk 1:23:58]} cxd4
{[%clk 1:23:38]} 8. Nxd4 {[%clk 1:24:23]} Nc6 {[%clk 1:19:16]} 9. e3
{[%clk 1:20:31]} Be7 {[%clk 1:13:56]} 10. Be2 {[%clk 1:08:38]} d5
{[%clk 1:03:58]} 11. cxd5 {[%clk 0:56:28]} Nxd4 {[%clk 1:04:12]} 12. Qxd4
{[%clk 0:56:53]} Nxd5 {[%clk 1:04:18]} 13. Bxe7 {[%clk 0:52:37]} Nxe7
{[%clk 1:02:04]} 14. Nb5 {[%clk 0:44:08]} Bd7 {[%clk 0:50:29]} 15. Rc7
{[%clk 0:34:08]} Nd5 {[%clk 0:42:56]} 16. Rxb7 {[%clk 0:31:45]} Bc6
{[%clk 0:40:25]} 17. Rxa7 {[%clk 0:31:50]} Qg5 {[%clk 0:40:37]} 18. Rg1
{[%clk 0:22:32]} Bxb5 {[%clk 0:35:29]} 19. Bxb5 {[%clk 0:19:24]} Nxe3
{[%clk 0:28:04]} 20. fxe3 {[%clk 0:10:55]} Qxb5 {[%clk 0:28:01]} 21. a4
{[%clk 0:08:33]} Qc6 {[%clk 0:27:59]} 22. Rxa8 {[%clk 0:07:24]} Rd8 23. Rb8 Rxb8
{[%clk 0:27:49]} 24. Qd2 {[%clk 0:07:17]} Ra8 {[%clk 0:27:40]} 25. Kf2
{[%clk 0:07:13]} Rxa4 {[%clk 0:26:50]} 26. Qd6 Rc4 27. Qd8+ {[%clk 0:07:39]} Kh7
{[%clk 0:27:12]} 28. Qd3+ {[%clk 0:07:58]} f5 {[%clk 0:27:20]} 29. Rd1
{[%clk 0:08:23]} Rc2+ {[%clk 0:26:24]} 30. Rd2 {[%clk 0:08:46]} Rc1
{[%clk 0:26:32]} 31. Rd1 {[%clk 0:06:19]} Qc2+ {[%clk 0:26:53]} 32. Qxc2
{[%clk 0:06:46]} Rxc2+ {[%clk 0:27:17]} 33. Kf1 {[%clk 0:06:31]} Rxb2
{[%clk 0:27:10]} 1/2-1/2

[Event "MP do 18 lat - chlopcy"]
[Site "Sypniewo"]
[Date "2022.03.22"]
[Round "4.4"]
[White "Seemann, Jakub"]
[Black "Luczak, Filip"]
[Result "1-0"]
[BlackElo "2300"]
[WhiteElo "2298"]
[LiveChessVersion "1.4.8"]

1. e4 {[%clk 1:30:56]} c5 {[%clk 1:30:58]} 2. Nf3 {[%clk 1:31:20]} d6
{[%clk 1:31:25]} 3. d4 {[%clk 1:31:42]} cxd4 {[%clk 1:31:48]} 4. Nxd4
{[%clk 1:32:08]} Nf6 {[%clk 1:32:15]} 5. Nc3 {[%clk 1:32:32]} a6 {[%clk 1:32:43]}
6. Be2 {[%clk 1:32:55]} e5 {[%clk 1:31:05]} 7. Nb3 {[%clk 1:33:16]} Be7
{[%clk 1:30:49]} 8. O-O {[%clk 1:33:39]} O-O {[%clk 1:30:01]} 9. Qd3
{[%clk 1:34:05]} Be6 {[%clk 1:27:50]} 10. Bd2 {[%clk 1:34:26]} Nbd7
{[%clk 1:14:50]} 11. Nd5 {[%clk 1:33:55]} Bxd5 {[%clk 1:07:25]} 12. exd5
{[%clk 1:34:23]} Ne8 {[%clk 1:01:42]} 13. Na5 {[%clk 1:30:39]} Rb8
{[%clk 0:58:57]} 14. c4 {[%clk 1:30:37]} f5 {[%clk 0:57:49]} 15. b4
{[%clk 1:24:12]} Bg5 {[%clk 0:52:42]} 16. Bc3 {[%clk 1:18:42]} e4
{[%clk 0:51:04]} 17. Qh3 {[%clk 1:18:48]} Bf6 {[%clk 0:49:30]} 18. Nb3
{[%clk 1:17:34]} Bxc3 {[%clk 0:40:59]} 19. Qxc3 {[%clk 1:17:44]} Rc8
{[%clk 0:40:12]} 20. Rac1 {[%clk 1:09:12]} b6 {[%clk 0:30:57]} 21. Nd4
{[%clk 0:59:50]} Nc7 {[%clk 0:30:50]} 22. Nc6 {[%clk 0:55:21]} Qe8
{[%clk 0:29:07]} 23. f3 {[%clk 0:53:37]} Nf6 {[%clk 0:26:02]} 24. fxe4
{[%clk 0:51:40]} Nxe4 {[%clk 0:24:31]} 25. Qd4 {[%clk 0:50:17]} b5
{[%clk 0:23:35]} 26. Bd3 {[%clk 0:37:04]} bxc4 {[%clk 0:20:22]} 27. Bxc4
{[%clk 0:36:40]} Qd7 {[%clk 0:13:41]} 28. a4 {[%clk 0:36:58]} Rce8
{[%clk 0:13:38]} 29. b5 {[%clk 0:30:29]} axb5 {[%clk 0:10:20]} 30. axb5
{[%clk 0:30:54]} Nc5 {[%clk 0:04:00]} 31. Ra1 {[%clk 0:31:14]} Ra8
{[%clk 0:02:25]} 32. b6 {[%clk 0:31:17]} N7a6 {[%clk 0:01:39]} 33. Rfb1
{[%clk 0:26:05]} Qb7 {[%clk 0:01:43]} 34. Na5 {[%clk 0:25:16]} Qf7
{[%clk 0:01:14]} 35. b7 {[%clk 0:24:26]} Rab8 {[%clk 0:00:51]} 36. Rb6
{[%clk 0:24:49]} Nc7 {[%clk 0:00:34]} 37. Rab1 {[%clk 0:25:00]} Ne8
{[%clk 0:00:35]} 38. Qxc5 {[%clk 0:17:00]} dxc5 {[%clk 0:01:03]} 39. d6
{[%clk 0:17:26]} Nf6 {[%clk 0:00:34]} 40. Bxf7+ {[%clk 0:47:48]} Kxf7
{[%clk 0:31:01]} 41. Nc6 {[%clk 0:47:54]} Nd7 {[%clk 0:24:26]} 42. Nxb8
{[%clk 0:48:17]} Rxb8 {[%clk 0:24:41]} 43. Rc6 {[%clk 0:48:27]} Ke6
{[%clk 0:24:00]} 44. Rc8 {[%clk 0:48:50]} c4 {[%clk 0:22:35]} 45. Re1+
{[%clk 0:49:12]} Kd5 {[%clk 0:22:21]} 46. Rxb8 {[%clk 0:49:30]} Nxb8
{[%clk 0:22:47]} 47. d7 {[%clk 0:49:53]} Nxd7 {[%clk 0:23:11]} 48. Rd1+
{[%clk 0:50:19]} Kc6 {[%clk 0:23:26]} 49. Rxd7 {[%clk 0:50:43]} 1-0

[Event "MP do 18 lat - chlopcy"]
[Site "Sypniewo"]
[Date "2022.03.22"]
[Round "4.5"]
[White "Suder, Jakub"]
[Black "Kaliszuk, Kamil"]
[Result "1-0"]
[BlackElo "1963"]
[WhiteElo "2321"]
[LiveChessVersion "1.4.8"]

1. d4 {[%clk 1:30:53]} d5 {[%clk 1:30:49]} 2. c4 {[%clk 1:31:18]} c6
{[%clk 1:31:07]} 3. Nf3 {[%clk 1:31:42]} Nf6 {[%clk 1:31:28]} 4. Nc3
{[%clk 1:32:01]} e6 {[%clk 1:31:22]} 5. g3 {[%clk 1:32:13]} dxc4 {[%clk 1:27:36]}
6. Bg2 {[%clk 1:32:27]} b5 {[%clk 1:26:29]} 7. Ne5 {[%clk 1:31:36]} Nd5
{[%clk 1:18:43]} 8. e4 {[%clk 1:27:26]} Nxc3 {[%clk 1:13:37]} 9. bxc3
{[%clk 1:27:33]} Bd6 {[%clk 1:06:22]} 10. Qg4 {[%clk 1:22:03]} Kf8
{[%clk 0:56:28]} 11. O-O {[%clk 1:20:32]} Qc7 {[%clk 0:48:25]} 12. f4
{[%clk 1:17:57]} Nd7 {[%clk 0:46:07]} 13. Qh4 {[%clk 1:12:17]} Bb7
{[%clk 0:43:45]} 14. Bh3 {[%clk 1:08:03]} Nf6 {[%clk 0:36:18]} 15. f5
{[%clk 0:59:50]} Bxe5 {[%clk 0:33:48]} 16. dxe5 {[%clk 0:53:56]} Qxe5
{[%clk 0:33:25]} 17. fxe6 {[%clk 0:51:10]} c5 {[%clk 0:26:29]} 18. Bf4
{[%clk 0:43:03]} Qxe4 {[%clk 0:24:51]} 19. Bd6+ {[%clk 0:42:05]} Kg8
{[%clk 0:24:54]} 20. Qxe4 {[%clk 0:38:32]} Bxe4 {[%clk 0:25:02]} 21. Rae1
{[%clk 0:37:50]} Bc6 {[%clk 0:15:26]} 22. exf7+ {[%clk 0:37:44]} Kxf7
{[%clk 0:15:50]} 23. Re7+ {[%clk 0:38:00]} Kg6 {[%clk 0:15:42]} 24. Bf5+
{[%clk 0:37:19]} Kh6 {[%clk 0:15:34]} 25. Bf4+ {[%clk 0:35:25]} g5
{[%clk 0:15:55]} 26. Re6 {[%clk 0:34:20]} gxf4 {[%clk 0:16:06]} 27. Rxf6+
{[%clk 0:34:02]} Kg7 {[%clk 0:16:17]} 28. Rxc6 {[%clk 0:34:23]} fxg3
{[%clk 0:16:37]} 29. Rc7+ {[%clk 0:34:26]} Kh6 {[%clk 0:16:49]} 30. hxg3
{[%clk 0:34:44]} Rad8 {[%clk 0:16:52]} 31. Rc6+ {[%clk 0:33:42]} Kg7
{[%clk 0:17:14]} 32. Rxc5 {[%clk 0:33:16]} Rd2 {[%clk 0:17:32]} 33. Rf2
{[%clk 0:33:30]} Rhd8 {[%clk 0:17:36]} 34. Rxb5 {[%clk 0:33:15]} Rxf2
{[%clk 0:18:01]} 35. Kxf2 {[%clk 0:33:40]} Rd2+ {[%clk 0:18:29]} 36. Ke3
{[%clk 0:33:54]} Rxa2 {[%clk 0:18:55]} 37. Rc5 {[%clk 0:32:37]} 1-0

[Event "MP do 18 lat - chlopcy"]
[Site "Sypniewo"]
[Date "2022.03.22"]
[Round "4.6"]
[White "Dzida, Kamil"]
[Black "Ochedzan, Tymon"]
[Result "1/2-1/2"]
[BlackElo "2308"]
[WhiteElo "2243"]
[LiveChessVersion "1.4.8"]

1. e4 {[%clk 1:30:58]} c6 {[%clk 1:30:54]} 2. d4 {[%clk 1:31:22]} d5
{[%clk 1:31:16]} 3. e5 {[%clk 1:31:46]} c5 {[%clk 1:31:19]} 4. dxc5
{[%clk 1:32:10]} e6 {[%clk 1:30:40]} 5. Nf3 {[%clk 1:32:33]} Bxc5
{[%clk 1:29:29]} 6. Bd3 {[%clk 1:32:57]} Ne7 {[%clk 1:28:20]} 7. a3
{[%clk 1:33:21]} Ng6 {[%clk 1:26:17]} 8. O-O {[%clk 1:33:43]} O-O
{[%clk 1:22:39]} 9. Ng5 {[%clk 1:32:12]} Qc7 {[%clk 1:20:45]} 10. Qh5
{[%clk 1:31:52]} h6 {[%clk 1:19:12]} 11. Nf3 {[%clk 1:32:17]} Nc6
{[%clk 1:17:23]} 12. Re1 {[%clk 1:32:41]} Nd4 {[%clk 1:03:32]} 13. Nxd4
{[%clk 1:33:04]} Bxd4 {[%clk 1:03:51]} 14. c3 {[%clk 1:33:31]} Bc5
{[%clk 0:58:54]} 15. a4 {[%clk 1:32:47]} a6 {[%clk 0:51:55]} 16. Na3
{[%clk 1:33:09]} Qe7 {[%clk 0:46:34]} 17. Nc2 {[%clk 1:32:07]} Qh4
{[%clk 0:40:52]} 18. Qf3 {[%clk 1:18:59]} f5 {[%clk 0:34:19]} 19. g3
{[%clk 1:19:20]} Qd8 {[%clk 0:33:48]} 20. Nd4 {[%clk 1:18:51]} Qc7
{[%clk 0:31:17]} 21. Qe2 {[%clk 1:15:14]} Bd7 {[%clk 0:30:01]} 22. f4
{[%clk 1:10:16]} Ne7 {[%clk 0:24:18]} 23. Be3 {[%clk 1:10:36]} Ba7
{[%clk 0:21:58]} 24. Rec1 {[%clk 1:00:09]} Nc6 {[%clk 0:20:44]} 25. Qf2
{[%clk 0:56:57]} Nxd4 {[%clk 0:18:07]} 26. Bxd4 {[%clk 0:57:18]} Bxd4
{[%clk 0:18:08]} 27. Qxd4 {[%clk 0:57:43]} b5 {[%clk 0:13:40]} 28. a5
{[%clk 0:50:45]} Qa7 {[%clk 0:10:38]} 29. Qxa7 {[%clk 0:51:10]} Rxa7
{[%clk 0:11:05]} 30. Kf2 {[%clk 0:51:35]} Rc7 {[%clk 0:10:14]} 31. Ke3
{[%clk 0:51:36]} Rfc8 {[%clk 0:10:09]} 32. Kd4 {[%clk 0:51:17]} Kf7
{[%clk 0:10:20]} 33. b3 {[%clk 0:47:12]} Ke7 {[%clk 0:10:23]} 34. Ra2
{[%clk 0:46:11]} Be8 {[%clk 0:08:33]} 35. h3 {[%clk 0:35:33]} g6 {[%clk 0:06:01]}
36. g4 {[%clk 0:33:47]} Rc5 {[%clk 0:05:23]} 37. Rac2 {[%clk 0:27:34]} R8c7
{[%clk 0:04:41]} 38. gxf5 {[%clk 0:25:51]} gxf5 {[%clk 0:05:04]} 39. b4
{[%clk 0:18:18]} R5c6 {[%clk 0:05:04]} 40. Rg1 {[%clk 0:48:02]} Kf8
{[%clk 0:34:03]} 41. Rg3 {[%clk 0:42:36]} Rg7 {[%clk 0:30:33]} 42. Rxg7
{[%clk 0:39:13]} Kxg7 {[%clk 0:30:56]} 43. Be2 {[%clk 0:39:37]} Rc7
{[%clk 0:29:04]} 1/2-1/2

[Event "MP do 18 lat - chlopcy"]
[Site "Sypniewo"]
[Date "2022.03.22"]
[Round "4.7"]
[White "Dalkowski, Rafal"]
[Black "Kacprzak, Kacper"]
[Result "0-1"]
[BlackElo "2248"]
[WhiteElo "2138"]
[LiveChessVersion "1.4.8"]

1. d4 {[%clk 1:30:58]} d5 {[%clk 1:30:50]} 2. c4 {[%clk 1:31:15]} e6
{[%clk 1:31:15]} 3. Nf3 {[%clk 1:31:31]} c6 {[%clk 1:29:34]} 4. Nc3
{[%clk 1:30:53]} dxc4 {[%clk 1:27:58]} 5. a4 {[%clk 1:30:34]} Bb4
{[%clk 1:27:50]} 6. e4 {[%clk 1:30:07]} b5 {[%clk 1:26:29]} 7. Be2
{[%clk 1:29:02]} Nf6 {[%clk 1:22:44]} 8. Qc2 {[%clk 1:27:59]} Bb7
{[%clk 1:16:27]} 9. O-O {[%clk 1:27:30]} a6 {[%clk 1:09:51]} 10. Bg5
{[%clk 1:16:50]} Qb6 {[%clk 0:59:44]} 11. Rad1 {[%clk 1:10:55]} Nbd7
{[%clk 0:57:23]} 12. Kh1 {[%clk 0:58:40]} O-O {[%clk 0:46:02]} 13. Be3
{[%clk 0:50:02]} Rfe8 {[%clk 0:35:29]} 14. e5 {[%clk 0:44:30]} Nd5
{[%clk 0:35:20]} 15. Ng5 {[%clk 0:43:14]} Nf8 {[%clk 0:34:20]} 16. Bf3
{[%clk 0:41:34]} Be7 {[%clk 0:19:48]} 17. Be4 {[%clk 0:39:36]} g6
{[%clk 0:19:17]} 18. Bc1 {[%clk 0:38:16]} c5 {[%clk 0:13:43]} 19. dxc5
{[%clk 0:32:13]} Qxc5 {[%clk 0:13:18]} 20. Nxd5 {[%clk 0:30:51]} Bxd5
{[%clk 0:12:29]} 21. Qe2 {[%clk 0:18:28]} Bxe4 {[%clk 0:07:18]} 22. Qxe4
{[%clk 0:17:18]} Rad8 {[%clk 0:07:00]} 23. Rxd8 {[%clk 0:14:04]} Rxd8
{[%clk 0:06:10]} 24. Qf3 {[%clk 0:13:51]} Bxg5 {[%clk 0:06:23]} 25. Bxg5
{[%clk 0:14:19]} Rd3 {[%clk 0:06:07]} 26. Qf6 {[%clk 0:11:27]} Nd7
{[%clk 0:06:20]} 27. Qd8+ {[%clk 0:11:20]} Qf8 {[%clk 0:06:02]} 28. Qc7
{[%clk 0:11:29]} Rd5 {[%clk 0:05:50]} 29. f4 {[%clk 0:09:18]} h6 {[%clk 0:05:06]}
30. Bh4 {[%clk 0:09:44]} Qc5 {[%clk 0:03:31]} 31. Qb7 {[%clk 0:09:53]} b4
{[%clk 0:03:04]} 32. h3 {[%clk 0:09:31]} a5 {[%clk 0:03:00]} 33. Bf2
{[%clk 0:09:23]} Qf8 {[%clk 0:03:06]} 34. Qa6 {[%clk 0:07:07]} Nc5
{[%clk 0:02:15]} 35. Qxc4 {[%clk 0:06:49]} Nxa4 {[%clk 0:02:00]} 36. Qa2
{[%clk 0:05:29]} Qe8 {[%clk 0:01:06]} 37. Be3 {[%clk 0:04:46]} Rd3
{[%clk 0:01:01]} 38. Re1 {[%clk 0:02:22]} Qc6 {[%clk 0:01:04]} 39. b3
{[%clk 0:02:06]} Nc3 {[%clk 0:00:40]} 40. Qxa5 {[%clk 0:32:18]} Nd1
{[%clk 0:30:40]} 41. Bc5 {[%clk 0:24:40]} Rxh3+ {[%clk 0:23:19]} 42. Kg1
{[%clk 0:24:58]} Rg3 {[%clk 0:23:06]} 43. Re2 {[%clk 0:24:09]} Nc3
{[%clk 0:15:53]} 44. Rc2 {[%clk 0:15:58]} Qd5 {[%clk 0:10:19]} 45. Kh2
{[%clk 0:14:08]} Ne4 {[%clk 0:08:10]} 46. Qxb4 {[%clk 0:10:07]} Nxc5
{[%clk 0:03:03]} 47. Qb8+ {[%clk 0:01:06]} Kg7 {[%clk 0:03:04]} 48. Qa7
{[%clk 0:01:19]} Rg4 {[%clk 0:01:40]} 49. b4 {[%clk 0:01:00]} Ne4
{[%clk 0:01:01]} 50. Qe3 {[%clk 0:00:58]} Rh4+ {[%clk 0:01:19]} 0-1

[Event "MP do 18 lat - chlopcy"]
[Site "Sypniewo"]
[Date "2022.03.22"]
[Round "4.8"]
[White "Kacprzak, Karol"]
[Black "Czechowski, Jakub"]
[Result "1/2-1/2"]
[BlackElo "2036"]
[WhiteElo "2275"]
[LiveChessVersion "1.4.8"]

1. e4 {[%clk 1:30:57]} e5 {[%clk 1:30:56]} 2. Nf3 {[%clk 1:31:16]} Nc6
{[%clk 1:31:21]} 3. Bb5 {[%clk 1:31:31]} a6 {[%clk 1:31:45]} 4. Ba4
{[%clk 1:31:56]} Nf6 {[%clk 1:32:11]} 5. O-O {[%clk 1:32:07]} Be7
{[%clk 1:32:38]} 6. Re1 {[%clk 1:32:23]} b5 {[%clk 1:33:03]} 7. Bb3
{[%clk 1:32:48]} O-O {[%clk 1:33:30]} 8. a4 {[%clk 1:32:45]} Rb8 {[%clk 1:33:39]}
9. axb5 {[%clk 1:32:27]} axb5 {[%clk 1:34:05]} 10. h3 {[%clk 1:32:06]} h6
{[%clk 1:28:31]} 11. c3 {[%clk 1:24:05]} d6 {[%clk 1:27:47]} 12. d4
{[%clk 1:23:38]} exd4 {[%clk 1:28:07]} 13. cxd4 {[%clk 1:24:02]} d5
{[%clk 1:28:36]} 14. e5 {[%clk 1:18:36]} Ne4 {[%clk 1:27:35]} 15. Nc3
{[%clk 1:14:08]} Nxc3 {[%clk 1:28:00]} 16. bxc3 {[%clk 1:14:32]} Bf5
{[%clk 1:28:25]} 17. Ra6 {[%clk 1:06:26]} Qd7 {[%clk 1:28:33]} 18. g4
{[%clk 1:05:14]} Bh7 {[%clk 1:23:54]} 19. Qe2 {[%clk 1:04:07]} Nd8
{[%clk 1:22:37]} 20. Be3 {[%clk 0:47:17]} Ne6 {[%clk 1:13:46]} 21. Qd2
{[%clk 0:42:33]} b4 {[%clk 1:06:43]} 22. Rea1 {[%clk 0:31:43]} bxc3
{[%clk 0:56:08]} 23. Qxc3 {[%clk 0:32:06]} Bb4 {[%clk 0:55:57]} 24. Qc1
{[%clk 0:29:06]} Be4 {[%clk 0:53:13]} 25. Nh4 {[%clk 0:21:46]} Be7
{[%clk 0:47:22]} 26. Ba4 {[%clk 0:16:52]} Qc8 {[%clk 0:45:59]} 27. Nf5
{[%clk 0:17:13]} Bxf5 {[%clk 0:41:18]} 28. gxf5 {[%clk 0:17:42]} Qxa6
{[%clk 0:41:32]} 29. Bd7 {[%clk 0:18:05]} Qb6 {[%clk 0:41:31]} 30. fxe6
{[%clk 0:17:52]} fxe6 {[%clk 0:41:53]} 31. Qd1 {[%clk 0:11:58]} Bg5
{[%clk 0:29:18]} 32. Bxg5 {[%clk 0:06:25]} hxg5 {[%clk 0:29:43]} 33. Rc1
{[%clk 0:05:46]} Rf7 {[%clk 0:24:49]} 34. Ba4 {[%clk 0:05:00]} Rbf8
{[%clk 0:22:39]} 35. Rb1 {[%clk 0:04:02]} Qa6 {[%clk 0:20:10]} 36. Rb2
{[%clk 0:03:49]} Qc4 {[%clk 0:19:51]} 37. Rd2 {[%clk 0:02:52]} Ra8
{[%clk 0:16:44]} 38. Bc2 {[%clk 0:02:04]} Qc3 {[%clk 0:10:56]} 39. Kg2
{[%clk 0:02:05]} Raf8 {[%clk 0:06:32]} 40. Bg6 {[%clk 0:30:39]} Qf3+
{[%clk 0:35:46]} 41. Qxf3 {[%clk 0:31:02]} Rxf3 {[%clk 0:36:11]} 42. Rc2
{[%clk 0:31:14]} c5 {[%clk 0:23:36]} 43. Bh5 {[%clk 0:19:39]} R3f4
{[%clk 0:20:54]} 44. Bg4 {[%clk 0:19:51]} Rxg4+ {[%clk 0:18:22]} 45. hxg4
{[%clk 0:20:09]} cxd4 {[%clk 0:18:51]} 46. Rd2 {[%clk 0:19:51]} Rf4
{[%clk 0:19:00]} 47. f3 {[%clk 0:20:11]} Kf7 {[%clk 0:19:06]} 48. Kf2
{[%clk 0:20:00]} Ke7 {[%clk 0:18:55]} 49. Ke2 {[%clk 0:12:53]} Kd7
{[%clk 0:17:19]} 50. Rd1 {[%clk 0:13:09]} d3+ {[%clk 0:13:52]} 51. Rxd3
{[%clk 0:11:54]} Kc6 {[%clk 0:11:20]} 52. Ra3 {[%clk 0:10:50]} Kb6
{[%clk 0:11:20]} 53. Rb3+ {[%clk 0:11:09]} Kc5 {[%clk 0:10:47]} 54. Ke3
{[%clk 0:05:09]} Rb4 {[%clk 0:09:04]} 55. Rc3+ {[%clk 0:04:19]} Rc4
{[%clk 0:09:24]} 56. Ra3 {[%clk 0:04:37]} Rc1 {[%clk 0:05:57]} 57. Kd2
{[%clk 0:02:20]} Rb1 {[%clk 0:05:12]} 58. Kd3 {[%clk 0:01:11]} Re1
{[%clk 0:05:03]} 59. Rc3+ {[%clk 0:00:36]} Kb4 {[%clk 0:04:07]} 60. Rc7
{[%clk 0:01:00]} g6 {[%clk 0:04:03]} 61. Rg7 {[%clk 0:00:33]} Rxe5
{[%clk 0:04:27]} 62. Rxg6 {[%clk 0:00:57]} Kc5 {[%clk 0:04:43]} 63. Rg8
{[%clk 0:01:04]} Kd6 {[%clk 0:04:28]} 64. Kd4 {[%clk 0:01:09]} Re1
{[%clk 0:03:26]} 65. Rxg5 {[%clk 0:01:38]} 1/2-1/2